00394 a2200109 4500001001000000005001700010008004100027245007900068100003900147700002300186773007500209ART_4480620260410162024.0260409a 10aLa dinámica de la pobreza y las variables de población en la Argentina1 aSantillán Pizarro, María Marta1 aLaplante, Benoît0 tNotas de poblacióng- Año XXXVI, Nº 89 (jul./dic. 2009)wREV41841